[Event "6th Las Palmas it"]
[Site "Las Palmas ESP"]
[Date "1977.05.??"]
[Round "3"]
[White "Timman, Jan"]
[Black "Hernandez Onna, Roman"]
[WhiteElo "2590"]
[BlackElo "2435"]
[Result "1-0"]
[EventDate "1977.05.07"]
[PlyCount "81"]

1.d4 d5 2.c4 e6 3.Nc3 c5 4.cxd5 exd5 5.Nf3 Nc6 6.g3 Nf6 7.Bg2 Be7 8.O-O 
O-O 9.dxc5 Bxc5 10.Bg5 d4 11.Bxf6 Qxf6 12.Nd5 Qd8 13.Nd2 Bg4 14.Nb3 Bb6 
15.Re1 Re8 16.Nxb6 Qxb6 17.Bxc6 bxc6 18.Qxd4 Rxe2 19.Rxe2 Bxe2 20.Qe4 Bh5 
21.Rc1 Rd8 22.Rxc6 Bg6 23.Qc4 Qb7 24.h4 Bd3 25.Rc7 Qf3 26.Qd4 Re8 27.Re7 
Bb5 28.Rxe8+ Bxe8 29.Qxa7 h6 30.Nd4 Qe4 31.Qb8 Kh7 32.Qf4 Qb1+ 33.Kg2 Bd7 
34.Qxf7 Qe4+ 35.Nf3 Bc6 36.Qf4 Qd5 37.h5 Qxh5 38.g4 Qe8 39.Kg3 Kh8 40.Ne5 
Bd5 41.a4 1-0

[Event "6th Las Palmas it"]
[Site "Las Palmas ESP"]
[Date "1977.05.??"]
[Round "4"]
[White "Garcia Padron, Jose"]
[Black "Karpov, Anatoly"]
[WhiteElo "2425"]
[BlackElo "2690"]
[Result "0-1"]
[EventDate "1977.05.07"]
[PlyCount "82"]

1.c4 Nf6 2.Nc3 e6 3.Nf3 b6 4.g3 Bb7 5.Bg2 Be7 6.O-O O-O 7.d4 d5 8.Ne5 Na6 
9.Bg5 c5 10.Rc1 Ne4 11.Bxe7 Qxe7 12.dxc5 Naxc5 13.Nxe4 dxe4 14.Ng4 f5 15.
Ne3 a5 16.Qc2 f4 17.gxf4 Rxf4 18.Qc3 Qg5 19.Rcd1 Raf8 20.Rd6 Rxf2 21.Rxf2 
Rxf2 22.Qe1 Rf8 23.Qg3 Qf6 24.Ng4 Qg6 25.Ne3 Qh5 26.Ng4 Qg5 27.Ne3 Qe7 28.
Rxb6 Qf6 29.h3 Qd4 30.Kh2 h6 31.h4 Qd2 32.Ng4 Qxe2 33.Nxh6+ Kh7 34.Ng4 e3 
35.Rxb7 Nxb7 36.Nxe3 Qxb2 37.Kh3 Nc5 38.Qg5 Qd4 39.Qh5+ Kg8 40.Qg5 Ne4 41.
Bxe4 Qxe4 0-1

[Event "6th Las Palmas it"]
[Site "Las Palmas ESP"]
[Date "1977.05.??"]
[Round "9"]
[White "Timman, Jan"]
[Black "Pomar Salamanca, Arturo"]
[WhiteElo "2590"]
[BlackElo "2435"]
[Result "1-0"]
[EventDate "1977.05.07"]
[PlyCount "53"]

1.e4 c6 2.d4 d5 3.exd5 cxd5 4.Bd3 Nc6 5.c3 Nf6 6.Bf4 Bg4 7.Qb3 Na5 8.Qa4+ 
Bd7 9.Qc2 e6 10.Nf3 Nc4 11.O-O Bd6 12.Be5 Qc7 13.Re1 Nh5 14.Bxc4 dxc4 15.
Nbd2 b5 16.Ne4 Bxe5 17.Nxe5 O-O 18.Re3 Bc6 19.Ng5 g6 20.Rh3 Nf6 21.Qd2 Ne4
22.Nxe4 Bxe4 23.Qf4 Qb7 24.Qf6 Bxg2 25.Ng4 Rfe8 26.Nh6+ Kf8 27.Nf5 1-0

[Event "6th Las Palmas it"]
[Site "Las Palmas ESP"]
[Date "1977.05.??"]
[Round "11"]
[White "Martin Gonzalez, Angel"]
[Black "Miles, Anthony John"]
[WhiteElo "2340"]
[BlackElo "2555"]
[Result "1-0"]
[EventDate "1977.05.07"]
[PlyCount "52"]

1.e4 c5 2.Nf3 e6 3.Nc3 a6 4.d4 cxd4 5.Nxd4 Qc7 6.f4 b5 7.a3 Bb7 8.Bd3 Nf6 
9.Qf3 Nc6 10.Nb3 b4 11.axb4 Nxb4 12.Be3 d5 13.O-O dxe4 14.Nxe4 Nxd3 15.
cxd3 Nxe4 16.dxe4 Qc2 17.Nd2 Bb4 18.Rac1 Qd3 19.Rc7 Qb5 20.Nb3 Rc8 21.Nd4 
Qxf1+ 22.Kxf1 Rxc7 23.Qg3 O-O 24.f5 Rfc8 25.Bh6 Rc1+ 26.Ke2 g6 1-0

[Event "6th Las Palmas it"]
[Site "Las Palmas ESP"]
[Date "1977.05.??"]
[Round "13"]
[White "Hernandez Onna, Roman"]
[Black "Browne, Walter Shawn"]
[WhiteElo "2435"]
[BlackElo "2545"]
[Result "1/2-1/2"]
[EventDate "1977.05.07"]
[PlyCount "42"]

1.c4 e5 2.Nc3 Nc6 3.g3 g6 4.Bg2 Bg7 5.Rb1 f5 6.d3 Nf6 7.b4 a6 8.a4 O-O 9.
b5 axb5 10.axb5 Ne7 11.Nf3 d6 12.O-O Kh8 13.Qb3 Nd7 14.Bb2 Nc5 15.Qc2 c6 
16.Ra1 Bd7 17.Rxa8 Qxa8 18.Ra1 Qb8 19.Na4 Nxa4 20.Qxa4 cxb5 21.cxb5 Qc7 
1/2-1/2

[Event "6th Las Palmas it"]
[Site "Las Palmas ESP"]
[Date "1977.05.??"]
[Round "13"]
[White "Visier Segovia, Fernando"]
[Black "Garcia Padron, Jose"]
[WhiteElo "2355"]
[BlackElo "2425"]
[Result "1-0"]
[EventDate "1977.05.07"]
[PlyCount "81"]

1.d4 b6 2.c4 Bb7 3.d5 e6 4.a3 Qh4 5.Nc3 Qxc4 6.e4 Qc5 7.Be3 Qe7 8.Nf3 Nf6 
9.Be2 Qd8 10.Bc4 Be7 11.dxe6 dxe6 12.Qc2 O-O 13.Rd1 Qc8 14.Bg5 Re8 15.e5 
Nfd7 16.Bxe7 Rxe7 17.Ng5 Nf8 18.f4 Ba6 19.Bxa6 Nxa6 20.O-O Rd7 21.Nb5 h6 
22.Ne4 Qe8 23.Qa4 Rxd1 24.Rxd1 Nc5 25.Nxc5 bxc5 26.Nc3 Qe7 27.Qc6 Rb8 28.
Na4 g5 29.fxg5 hxg5 30.Rd2 Rd8 31.Rxd8 Qxd8 32.Qe4 Qd1+ 33.Kf2 Qd2+ 34.Kf3
Ng6 35.g3 Qxh2 36.Nxc5 Qxb2 37.Nd7 Kg7 38.Kg4 Qxa3 39.Nf6 Qc3 40.Nh5+ Kh6 
41.Qa8 1-0

[Event "6th Las Palmas it"]
[Site "Las Palmas ESP"]
[Date "1977.05.??"]
[Round "14"]
[White "Debarnot, Roberto Luis"]
[Black "Hernandez Onna, Roman"]
[WhiteElo "2405"]
[BlackElo "2435"]
[Result "1/2-1/2"]
[EventDate "1977.05.07"]
[PlyCount "24"]

1.d4 Nf6 2.Nf3 e6 3.c4 d5 4.Nc3 Be7 5.Bg5 h6 6.Bh4 Ne4 7.Bxe7 Qxe7 8.e3 
Nxc3 9.bxc3 Nd7 10.cxd5 exd5 11.c4 Qb4+ 12.Qd2 Qxd2+ 1/2-1/2

[Event "6th Las Palmas it"]
[Site "Las Palmas ESP"]
[Date "1977.05.??"]
[Round "14"]
[White "Garcia Padron, Jose"]
[Black "Tal, Mikhail"]
[WhiteElo "2425"]
[BlackElo "2620"]
[Result "1-0"]
[EventDate "1977.05.07"]
[PlyCount "103"]

1.c4 g6 2.Nc3 Bg7 3.g3 f5 4.Bg2 Nf6 5.d3 d6 6.e3 O-O 7.Nge2 e5 8.O-O Nc6 
9.b3 Be6 10.Ba3 Qd7 11.d4 exd4 12.exd4 Bf7 13.d5 Ne5 14.Nd4 Rae8 15.Qd2 
Re7 16.Rae1 Rfe8 17.Kh1 Qc8 18.Bb2 Ne4 19.Nxe4 fxe4 20.Ne6 Bxe6 21.Bxe5 
Bg4 22.Bxg7 Kxg7 23.Qd4+ Kg8 24.Re3 b6 25.Rfe1 Qf5 26.Kg1 Bf3 27.Qc3 Re5 
28.Rc1 Rf8 29.Qc2 Qg4 30.h3 Qh5 31.Rce1 Rfe8 32.Kh2 Bxg2 33.Kxg2 Qf5 34.
Qe2 h5 35.g4 Qg5 36.Rg3 h4 37.Re3 Qf4 38.Kg1 R5e7 39.Qb2 Qe5 40.Qxe5 Rxe5 
41.f3 exf3 42.Kf2 Rxe3 43.Rxe3 Rxe3 44.Kxe3 Kf7 45.g5 Ke7 46.Kxf3 Kf7 47.
Kg4 Kg7 48.Kxh4 Kf7 49.Kg4 Kg7 50.h4 Kh7 51.h5 Kg7 52.hxg6 1-0

[Event "6th Las Palmas it"]
[Site "Las Palmas ESP"]
[Date "1977.05.??"]
[Round "14"]
[White "Larsen, Bent"]
[Black "Martin Gonzalez, Angel"]
[WhiteElo "2615"]
[BlackElo "2340"]
[Result "1/2-1/2"]
[EventDate "1977.05.07"]
[PlyCount "100"]

1.c4 c5 2.g3 Nc6 3.Bg2 g6 4.Nc3 Bg7 5.a3 a5 6.e3 e5 7.Nge2 Nge7 8.d4 exd4 
9.exd4 Nxd4 10.Nxd4 cxd4 11.Nb5 d5 12.cxd5 O-O 13.d6 Nf5 14.O-O Nxd6 15.
Nxd4 Nc4 16.Nb5 Qxd1 17.Rxd1 Nxb2 18.Bxb2 Bxb2 19.Rab1 Bg7 20.Nd6 Bg4 21.
Rd5 Be6 22.Rdb5 Rad8 23.Nxb7 Rd2 24.Nxa5 Bd4 25.Rf1 Ra2 26.Bd5 Rxa3 27.
Bxe6 fxe6 28.Nc6 Ba7 29.Rb2 e5 30.Rd1 Bd4 31.Re2 Ra1 32.Rxa1 Bxa1 33.Nxe5 
Re8 34.f4 g5 35.Kf2 gxf4 36.gxf4 Bxe5 37.fxe5 Kf7 38.Kf3 Ke6 39.Ke4 Ra8 
40.Rd2 Ra6 41.Rd4 Rb6 42.h4 Ra6 43.h5 h6 44.Rc4 Rb6 45.Ra4 Rc6 46.Kd4 Rb6 
47.Ra8 Rb4+ 48.Kc5 Rh4 49.Re8+ Kd7 50.Rh8 Ke6 1/2-1/2

[Event "6th Las Palmas it"]
[Site "Las Palmas ESP"]
[Date "1977.05.??"]
[Round "14"]
[White "Pomar Salamanca, Arturo"]
[Black "Browne, Walter Shawn"]
[WhiteElo "2435"]
[BlackElo "2545"]
[Result "1/2-1/2"]
[EventDate "1977.05.07"]
[PlyCount "95"]

1.e4 c5 2.c3 Nf6 3.e5 Nd5 4.d4 cxd4 5.cxd4 d6 6.Nf3 Nc6 7.exd6 e6 8.Nc3 
Bxd6 9.Nxd5 exd5 10.Be2 O-O 11.O-O Bf5 12.Bd2 Re8 13.Re1 Nb4 14.Bf1 Rxe1 
15.Nxe1 Nc6 16.Bc3 Qc7 17.h3 Qb6 18.Bd3 Bxd3 19.Qxd3 Re8 20.Nc2 h6 21.Re1 
Rxe1+ 22.Nxe1 Nb4 23.Qb1 Qb5 24.a3 Nc6 25.Qf5 Ne7 26.Qc2 Ng6 27.Qd3 Qxd3 
28.Nxd3 Nf4 29.Nxf4 Bxf4 30.a4 Kh7 31.Kf1 Kg6 32.Ke2 Kf5 33.g4+ Kg5 34.Kf3
Bc1 35.b3 f5 36.Bb4 Bb2 37.Be7+ Kg6 38.Ke3 Bc1+ 39.Kf3 h5 40.Bd6 Bg5 41.
Be5 hxg4+ 42.hxg4 fxg4+ 43.Kxg4 Bd2 44.f4 a6 45.f5+ Kf7 46.Kh5 Be3 47.Kg4 
g6 48.Bh8 1/2-1/2

[Event "6th Las Palmas it"]
[Site "Las Palmas ESP"]
[Date "1977.05.??"]
[Round "15"]
[White "Browne, Walter Shawn"]
[Black "Debarnot, Roberto Luis"]
[WhiteElo "2545"]
[BlackElo "2405"]
[Result "1-0"]
[EventDate "1977.05.07"]
[PlyCount "77"]

1.d4 Nf6 2.c4 g6 3.Nc3 Bg7 4.e4 d6 5.f3 O-O 6.Be3 b6 7.Bd3 a6 8.Nge2 c5 9.
e5 Nfd7 10.exd6 exd6 11.Be4 Ra7 12.O-O Nf6 13.Bc2 Nc6 14.Qd2 Rb7 15.Rad1 
cxd4 16.Nxd4 Nxd4 17.Bxd4 Be6 18.Bd3 Qc8 19.b3 Rb8 20.Kh1 Rd8 21.Qg5 Ne8 
22.Bxg7 Kxg7 23.f4 f6 24.Qh4 f5 25.Rfe1 Nf6 26.Re2 Re8 27.Rde1 Qd7 28.Qf2 
Bf7 29.Qd4 Rxe2 30.Rxe2 Qc7 31.b4 Rc8 32.h3 b5 33.g4 Bxc4 34.g5 Bxd3 35.
Qxf6+ Kg8 36.Re7 Be4+ 37.Kh2 Qxe7 38.Qxe7 Rxc3 39.Qd8+ 1-0

[Event "6th Las Palmas it"]
[Site "Las Palmas ESP"]
[Date "1977.05.??"]
[Round "15"]
[White "Hernandez Onna, Roman"]
[Black "Garcia Padron, Jose"]
[WhiteElo "2435"]
[BlackElo "2425"]
[Result "1-0"]
[EventDate "1977.05.07"]
[PlyCount "55"]

1.c4 Nf6 2.Nc3 e6 3.d4 Bb4 4.e3 O-O 5.Bd3 c5 6.Nf3 d5 7.O-O dxc4 8.Bxc4 
cxd4 9.exd4 b6 10.a3 Be7 11.Re1 Bb7 12.Qd3 Nc6 13.Bb3 Rc8 14.Bc2 Re8 15.d5
exd5 16.Bg5 Ne4 17.Nxe4 dxe4 18.Qxe4 g6 19.Qh4 Rc7 20.Bb3 Bxg5 21.Nxg5 h5 
22.Qf4 Rf8 23.Rad1 Qc8 24.Nxf7 Rcxf7 25.Qf6 Qc7 26.Qxg6+ Kh8 27.Qh6+ Kg8 
28.Rd6 1-0

[Event "6th Las Palmas it"]
[Site "Las Palmas ESP"]
[Date "1977.05.??"]
[Round "15"]
[White "Martin Gonzalez, Angel"]
[Black "Pomar Salamanca, Arturo"]
[WhiteElo "2340"]
[BlackElo "2435"]
[Result "1-0"]
[EventDate "1977.05.07"]
[PlyCount "91"]

1.e4 c6 2.d4 d5 3.Nc3 dxe4 4.Nxe4 Bf5 5.Ng3 Bg6 6.Nf3 Nd7 7.h4 h6 8.h5 Bh7
9.Bd3 Bxd3 10.Qxd3 Qc7 11.Bd2 e6 12.O-O-O Ngf6 13.Qe2 O-O-O 14.Ne5 Nb6 15.
Ba5 Rd5 16.Bxb6 axb6 17.c4 Rd8 18.Ne4 Nxe4 19.Qxe4 Bd6 20.f4 f5 21.Qe3 
Bxe5 22.Qxe5 Qxe5 23.dxe5 Rhg8 24.Rxd8+ Kxd8 25.Rd1+ Kc7 26.Rd6 g5 27.g3 
gxf4 28.gxf4 Re8 29.Kc2 Re7 30.Kb3 Re8 31.Kb4 Re7 32.a3 Re8 33.a4 Re7 34.
c5 bxc5+ 35.Kxc5 b6+ 36.Kc4 Rg7 37.Rxe6 Rg4 38.Rxh6 Rxf4+ 39.Kb3 Rf3+ 40.
Ka2 Rh3 41.Rh7+ Kd8 42.b4 f4 43.a5 Kc8 44.a6 Kb8 45.e6 Re3 46.e7 1-0